000 00673nam a2200253Ia 4500
003 OSt
005 20221007103834.0
006 a|||||r|||| 00| 0
007 ta
008 221006b |||||||| |||| 00| 0 eng d
024 _a14,195
037 _cTextual
040 _aLCO
_cLCO
_beng
041 _2eng
_aeng
082 _aZ2,954, K8
100 _aRai Bhadur
_9705619
245 0 _aCentral Civil Service
260 _aAllahabad
_bUniversity Book Agency India
_c1968
300 _a64
650 _aCENTRAL CIVIL SERVICE
_9705620
700 _a Roy G.K.
_9684509
942 _hZ2,954, K8
_cTEXL
999 _c1183758
_d1183758